ბათუმის შოთა რუსთაველის სახელმწიფო უნივერსიტეტის ბიბლიოთეკა

დადგმული და დაუდგმელი ძეგლის ამბავი / (ბიბ.ჩანაწერი № 40659)

000 -ლიდერი
ფიქსირებული სიგრძის საკონტროლო ველი 01099nam a2200241Ia 4500
001 - საკონტროლო ნომერი
საკონტროლო ველი 7287
003 - საკონტროლო ნომრის იდენტიფიკატორი
საკონტროლო ველი GE_BSU
005 - ბოლო ოპერაციის თარიღი და დრო
საკონტროლო ველი 20231117103520.0
008 - ფიქსირებული სიგრძის მონაცემთა ელემენტები - ზოგადი ინფორმაცია
ფიქსირებული სიგრძის საკონტროლო ველი 181216s2013||||ge |||||||||||||| ||geo||
020 ## - წიგნის საერთაშორისო სტანდარტული ნომერი
International Standard Book Number 9789941107306
040 ## - კატალოგიზაციის წყარო
Transcribing agency GE_BSU
041 ## - ენის კოდი
Language code of text/sound track or separate title geo
080 ## - უნივერსალური ათობითი კლასიფიკაციის ინდექსი
Universal Decimal Classification number 821.353.1 გ-14
100 ## - მთავარი ჩანაწერი - პიროვნების სახელი
Personal name გაგუა, ოთარ
9 (RLIN) 5227
245 ## - ცნობა სათაურის შესახებ
Title დადგმული და დაუდგმელი ძეგლის ამბავი /
Statement of responsibility, etc ოთარ გაგუა, იასონ გორდეზიანი.
260 ## - გამოქვეყნების, გავრცელების, და სხვა. ცნობები
Place of publication, distribution, etc .
264 ## - წარმოების, გამოცემის, დისტრიბუციის და სხვა ცნობები
გამოცემის, წარმოების, დისტრიბუციის... ადგილი თბილისი :
გამოცემის, წარმოების, დისტრიბუციის... სახელწოდება მერიდიანი,
გამოცემის, წარმოების, დისტრიბუციის... თარიღი 2013.
300 ## - ფიზიკური აღწერა
Extent 255 გვ. ;
Dimensions 20 სმ.
500 ## - ზოგადი შენიშვნა
General note წიგნი დაიბეჭდა საერთაშორისო საქველმოქმედო ფონდი "ქართუს" მხარდაჭერით
653 ## - INDEX TERM--UNCONTROLLED
Uncontrolled term დადგმული და დაუდგმელი ძეგლის ამბავი
700 ## - ADDED ENTRY--PERSONAL NAME
Personal name გორდეზიანი, იასონ
Relator term ავტორი
9 (RLIN) 20418
942 ## - ADDED ENTRY ELEMENTS (KOHA)
Koha item type წიგნი
Source of classification or shelving scheme
ეგზემპლარები
ჩამოწერის სტატუსი დაკარგული ეგზემპლარის სტატუსი კლასიფიკაციის წყარო ან თაროზე გაწყობის სქემა დაზიანების სტატუსი არ გაიცემა მუდმივი მდებარეობა (დაცვის ადგილი) ამჟამინდელი ადგილსამყოფელი თაროზე განთავსების ადგილი შეძენის თარიღი სრული შენახვის შიფრი შტრიხკოდი ბოლო ოპერაციის თარიღი ეგზემპლარის მიმდევრობითი ნომერი (კეტერი?) ფასის ძალაში შესვლის თარიღი ეგზემპლარის სახეობა
          ბათუმის შოთა რუსთაველის სახელმწიფო უნივერსიტეტის მთავარი ბიბლიოთეკა ბათუმის შოთა რუსთაველის სახელმწიფო უნივერსიტეტის მთავარი ბიბლიოთეკა წიგნსაცავი 2018-12-17 821.353.1 გ-14 23144 2018-12-17 23144 2018-12-17 წიგნი
          ბათუმის შოთა რუსთაველის სახელმწიფო უნივერსიტეტის მთავარი ბიბლიოთეკა ბათუმის შოთა რუსთაველის სახელმწიფო უნივერსიტეტის მთავარი ბიბლიოთეკა წიგნსაცავი 2018-12-17 821.353.1 გ-14 23145 2018-12-17 23145 2018-12-17 წიგნი